• 首页
  • 本馆介绍
  • 公告通知
  • 最新文献
  • 馆藏检索
  • 电子资源
  • 读者导购
  • 参考咨询
  • 我的图书馆
  • 登录
  • 详细信息显示
  • 放入我的书架
  • 预约/预借图书
  • 作者相关作品
  • 分类相关作品
  • 丛书相关作品
  • 出版社相关作品

书目信息

  • 表格格式
  • 工作单格式
  • 卡片格式
题名:
旅游美学导论
    
 
作者: 章海荣 著
分册:  
出版信息: 北京   清华大学出版社,北京交通大学出版社  2006
页数: 314页
开本: 23cm
丛书名:
单 册:
中图分类: F590 , P901
科图分类:
主题词: 景观美学--高等学校--教材 , 旅游 , 旅游--美学--高等学校--教材 , 景观美学 , 美学
电子资源:
ISBN: 7-81082-671-9
000 00988nam0 2200313 450
000 00994nam0 2200313 450
000 00927nam0 2200289 450
000 00891nam0 2200277 45
005 20070602083915.46
010    @a7-81082-671-9@dCNY28.00
100    @a20070521d2006 em y0chiy0120 ea
101 0  @achi
102    @aCN@b110000
105    @ay z 000yy
200 1  @a旅游美学导论@ALu^ You Mei Xue Dao Lun@f章海荣著@FZhang Hai Rong Zhu
210    @a北京@c清华大学出版社,北京交通大学出版社@d2006
215    @a314页@d23cm
300    @a普通高等学校旅游管理教材
330    @a本书阐述了我国古代士大夫阶层旅游审美的生活史实;美学视野中的资源规划;旅游审美场及参与旅游审美的诸条件等内容。
606 0  @a景观美学@x高等学校@j教材
606 0  @a旅游
606 0  @a旅游@x美学@x高等学校@j教材
606 0  @a景观美学
606 0  @a美学
690    @aF590@v4
690    @aP901@v4
701  0 @a章海荣@AZhang Hai Rong@4著
801  0 @aCN@bTAOJIN@c20070602
905    @a10447@dF590@e142
    
    旅游美学导论/章海荣著.-北京:清华大学出版社,北京交通大学出版社,2006
    314页;23cm
    普通高等学校旅游管理教材
    
    ISBN 7-81082-671-9:CNY28.00
    本书阐述了我国古代士大夫阶层旅游审美的生活史实;美学视野中的资源规划;旅游审美场及参与旅游审美的诸条件等内容。
●
相关链接 在E读中查询图书 在五车中查询图书 在当当中查询图书 在豆瓣中查询图书


正题名:旅游美学导论     索取号:F590/142         预约/预借

序号 登录号 条形码 馆藏地/架位号 状态 备注
1 0524097   205240979   第一样本阅览室/ [索取号:F590/142] 在馆    
2 0524098   205240988   第一借阅区/ [索取号:F590/142] 在馆    
3 0524099   205240997   密集书库/ [索取号:F590/142] 在馆    
4 0524100   205241004   密集书库/ [索取号:F590/142] 在馆    
5 0524101   205241013   第一借阅区/ [索取号:F590/142] 在馆    
6 0524102   205241022   密集书库/ [索取号:F590/142] 在馆    
7 0524103   205241031   第一借阅区/ [索取号:F590/142] 在馆    
8 0524104   205241040   第一借阅区/ [索取号:F590/142] 在馆    
唐山师范学院图书馆 欢迎您!
大连网信软件有限公司© 版权所有